Empleo, salarios y equidad durante la recuperación reciente en la Argentina (Registro nro. 16591)

Detalles MARC
000 -LEADER
fixed length control field 00436 a2200133 4500
001 - CONTROL NUMBER
control field ART_3660
005 - DATE AND TIME OF LATEST TRANSACTION
control field 20260410161717.0
008 - FIXED-LENGTH DATA ELEMENTS--GENERAL INFORMATION
fixed length control field 260409a
100 1# - MAIN ENTRY--PERSONAL NAME
Personal name Beccaria, Luis A.
245 10 - TITLE STATEMENT
Title Empleo, salarios y equidad durante la recuperación reciente en la Argentina
700 1# - ADDED ENTRY--PERSONAL NAME
Personal name Esquivel, Valeria
700 1# - ADDED ENTRY--PERSONAL NAME
Personal name Maurizio, Roxana
773 0# - HOST ITEM ENTRY
Title Desarrollo económico
Related parts - Vol. 45, Nº 178 (jul./sep. 2005)
Record control number REV1174

No hay ítems disponibles.